| 000 | 00477nam a2200157Ia 4500 | ||
|---|---|---|---|
| 008 | 210716s2006 xx 000 0 und d | ||
| 020 | _a8131405508 | ||
| 041 | _aeng | ||
| 082 | _a658.802 PANT | ||
| 100 | _aPanda, Tapan K. | ||
| 245 |
_aContemporary marketing: changing face of marketing in 21st century. _bChanging face of marketing in 21st century. |
||
| 250 | _a1 | ||
| 260 |
_aHyderabad _bICFAI University Press _c2006 |
||
| 300 | _axxv,236 | ||
| 650 | _aRural Marketing | ||
| 999 |
_c202299 _d202299 |
||